<?xml version="1.0" encoding="UTF-8"?><?xml-stylesheet type="text/xsl" href="static/style.xsl"?><OAI-PMH xmlns="http://www.openarchives.org/OAI/2.0/" xmlns:xsi="http://www.w3.org/2001/XMLSchema-instance" xsi:schemaLocation="http://www.openarchives.org/OAI/2.0/ http://www.openarchives.org/OAI/2.0/OAI-PMH.xsd"><responseDate>2026-04-18T03:17:31Z</responseDate><request verb="GetRecord" identifier="oai:www.recercat.cat:2072/473114" metadataPrefix="marc">https://recercat.cat/oai/request</request><GetRecord><record><header><identifier>oai:recercat.cat:2072/473114</identifier><datestamp>2025-07-29T22:31:53Z</datestamp><setSpec>com_2072_98</setSpec><setSpec>col_2072_378192</setSpec></header><metadata><record xmlns="http://www.loc.gov/MARC21/slim" xmlns:dcterms="http://purl.org/dc/terms/" xmlns:xsi="http://www.w3.org/2001/XMLSchema-instance" xmlns:doc="http://www.lyncode.com/xoai" xsi:schemaLocation="http://www.loc.gov/MARC21/slim http://www.loc.gov/standards/marcxml/schema/MARC21slim.xsd">
   <leader>00925njm 22002777a 4500</leader>
   <datafield ind2=" " ind1=" " tag="042">
      <subfield code="a">dc</subfield>
   </datafield>
   <datafield ind2=" " ind1=" " tag="720">
      <subfield code="a">Díaz-Soria, Inmaculada</subfield>
      <subfield code="e">author</subfield>
   </datafield>
   <datafield ind2=" " ind1=" " tag="720">
      <subfield code="a">Rayssac, Sébastien</subfield>
      <subfield code="e">author</subfield>
   </datafield>
   <datafield ind2=" " ind1=" " tag="720">
      <subfield code="a">Blanco-Romero, Asunción</subfield>
      <subfield code="e">author</subfield>
   </datafield>
   <datafield ind2=" " ind1=" " tag="260">
      <subfield code="c">2023</subfield>
   </datafield>
   <datafield ind2=" " ind1=" " tag="520">
      <subfield code="a">Las restricciones de movilidad características del periodo pandémico interrumpieron la actividad turística y obligaron a los actores territoriales, y concretamente a aquellos vinculados con el sector, a adaptarse y repensar las herramientas, los procesos y las formas de relacionarse. Este contexto les puso además frente a nuevas situaciones que se vieron obligados a gestionar, como el incremento de los flujos de visitantes de proximidad en espacios naturales y abiertos. A partir de una metodología esencialmente cualitativa basada en el análisis de documentos y en entrevistas en profundidad a informantes clave, este trabajo introduce una reflexión sobre las respuestas articuladas y sobre la percepción de diferentes actores frente a periodos de cambio, como el provocado por la COVID-19. El análisis de este contexto en clave de oportunidad y desafío en el caso de un territorio rural y de interior de la zona del suroeste de Francia nos lleva a la conclusión de que las crisis son escenarios que favorecen el aprendizaje. El reto se encuentra en dar continuidad a las lecciones aprendidas. Este estudio contribuye a la reflexión de modelos de desarrollo turístico coherentes con la transición socioecológica, que promuevan un turismo adecuado bajo el paradigma del decrecimiento.</subfield>
   </datafield>
   <datafield ind2=" " ind1=" " tag="520">
      <subfield code="a">The mobility restrictions characteristic of the pandemic period interrupted tourism mobilities and forced territorial actors, and specifically those connected with tourism, to adapt and rethink their tools, processes and even the ways in which they communicated. Moreover, this context placed them in front of unusual situations that they had to manage, such as the increase in the flows of local and regional visitors in outdoors and natural areas. Based on a qualitative methodology built on the analysis of documents and in-depth interviews with key informants, this paper reflects on the responses and on the perception of different actors in periods of change, such as the COVID-19 pandemic. The analysis of this context in terms of opportunity and in terms of challenge in the case of a rural and inland territory in the southwest of France leads us to the conclusion that crises are scenarios that favor learning processes. The challenge lies in giving continuity to the lessons learned. This study contributes to the reflection of tourism development models consistent with the socio-ecological transition. Tourism development models that promote adequate tourism under the paradigm of degrowth.</subfield>
   </datafield>
   <datafield tag="653" ind2=" " ind1=" ">
      <subfield code="a">Adaptation</subfield>
   </datafield>
   <datafield tag="653" ind2=" " ind1=" ">
      <subfield code="a">Perception</subfield>
   </datafield>
   <datafield tag="653" ind2=" " ind1=" ">
      <subfield code="a">Proximity tourism</subfield>
   </datafield>
   <datafield tag="653" ind2=" " ind1=" ">
      <subfield code="a">Resilience</subfield>
   </datafield>
   <datafield tag="653" ind2=" " ind1=" ">
      <subfield code="a">Takeholders actores</subfield>
   </datafield>
   <datafield tag="653" ind2=" " ind1=" ">
      <subfield code="a">Adaptación</subfield>
   </datafield>
   <datafield tag="653" ind2=" " ind1=" ">
      <subfield code="a">Percepción</subfield>
   </datafield>
   <datafield tag="653" ind2=" " ind1=" ">
      <subfield code="a">Resiliencia</subfield>
   </datafield>
   <datafield tag="653" ind2=" " ind1=" ">
      <subfield code="a">Turismo de proximidad</subfield>
   </datafield>
   <datafield ind2="0" ind1="0" tag="245">
      <subfield code="a">Learning from crises : challenges and opportunities for rural inland territories in the south-west of France after COVID-19</subfield>
   </datafield>
</record></metadata></record></GetRecord></OAI-PMH>